| 000 | 00819nam a2200277 i 4500 | ||
|---|---|---|---|
| 001 | 11401 | ||
| 003 | ES-MaACL | ||
| 005 | 20230906150107.0 | ||
| 007 | t| | ||
| 008 | 921027s1992 sp |||| | spa j | ||
| 020 | _a84-7100-602-2 | ||
| 080 | _a9(=924:460.18)"13/14" | ||
| 080 | _a262.136.12(460.18)"13/14" | ||
| 100 | 1 |
_aCarrete Parrondo, Carlos. _935709 |
|
| 245 | 1 | 3 |
_aEl judaísmo español y la Inquisición / _cCarlos Carrete Parrondo. |
| 260 |
_aMadrid : _bMAPFRE, _c[1992] |
||
| 300 |
_a227 p. ; _c23 cm. |
||
| 490 | 1 |
_aSefarad ; _v7 |
|
| 500 | _aÍndices. | ||
| 504 | _aBibliografía: p. 217-218. | ||
| 650 | 1 | 4 |
_aJudíos- _zCastilla (Reino) _913977 |
| 650 | 1 | 4 |
_aInquisición- _zCastilla (Reino) _9168946 |
| 830 | 0 |
_aSefarad ; _v7 _9179050 |
|
| 852 |
_aES-MaACL _jL-18726 |
||
| 999 |
_c11401 _d11401 |
||